[Event "XII C.to Europeo Seniores"]
[Site "Kaunas LTU"]
[Date "2012.08.25"]
[Round "8"]
[White "Lelis, Janis"]
[Black "Guaglianone, Mario"]
[WhiteElo "1783"]
[BlackElo "2027"]
[Result "0-1"]
[PlyCount "128"]
[EventDate "2012.08.18"]

1. d4 c5 2. e3 Nf6 3. c4 e6 4. Nc3 a6 5. Nf3 Qc7 6. d5 Be7 7. e4 d6 8. Bd3 exd5
9. cxd5 b5 10. O-O Bg4 11. h3 Bh5 12. Bf4 Nbd7 13. Rc1 O-O 14. Re1 Rfe8 15. a3
Bf8 16. g4 Bg6 17. Nh4 c4 18. Nxg6 hxg6 19. Bc2 Nc5 20. Qd4 Nfd7 21. Kg2 Ne5
22. Ne2 Qe7 23. Bxe5 Qxe5 24. f4 Qe7 25. Ng3 Qh4 26. Re3 Rad8 27. Rce1 Nd7 28.
Qd2 Be7 29. Ne2 Bf6 30. Nd4 Bxd4 31. Qxd4 Qf6 32. e5 dxe5 33. fxe5 Qg5 34. Kg3
Nf8 35. h4 Qe7 36. d6 Qd7 37. Qd5 Rb8 38. Be4 Rec8 39. Bf3 a5 40. g5 b4 41.
Qxa5 c3 42. bxc3 b3 43. Qd5 Rb5 44. Qd2 b2 45. Rb1 Qa7 46. Re2 Qxa3 47. Rxb2
Rxc3 48. Qxc3 Qxc3 49. Rxb5 Ne6 50. Rd5 Nd4 51. Rxd4 Qxd4 52. Re1 Kf8 53. Rd1
Qxe5+ 54. Kg2 Qb2+ 55. Kf1 Ke8 56. d7+ Kd8 57. Kg1 f6 58. Rd5 Qc1+ 59. Kg2 Qf4
60. gxf6 gxf6 61. Kf2 Qxh4+ 62. Ke3 f5 63. Rd1 Qg3 64. Rd5 g5 0-1

[Event "XII C.to Europeo Seniores"]
[Site "Kaunas LTU"]
[Date "2012.08.26"]
[Round "9"]
[White "Deiana, Giacomo"]
[Black "Koskinen, Veikko"]
[WhiteElo "1679"]
[BlackElo "1976"]
[Result "0-1"]
[PlyCount "36"]
[EventDate "2012.08.18"]

1. c4 f5 2. Nf3 Nf6 3. g3 g6 4. Bg2 Bg7 5. O-O O-O 6. Nc3 d6 7. d3 e5 8. Rb1 a5
9. a3 c6 10. Bd2 Nh5 11. b4 axb4 12. axb4 Na6 13. Ra1 Nc7 14. Rxa8 Nxa8 15. Qb3
Nc7 16. b5 c5 17. Na4 Ne6 18. Ba5 Qxa5 0-1

[Event "XII C.to Europeo Seniores"]
[Site "Kaunas LTU"]
[Date "2012.08.26"]
[Round "9"]
[White "Finnlaugsson, Gunnar"]
[Black "Valenti, Giuseppe"]
[WhiteElo "2062"]
[BlackElo "2180"]
[Result "1-0"]
[PlyCount "63"]
[EventDate "2012.08.18"]

1. e4 c5 2. Nf3 Nc6 3. d4 cxd4 4. Nxd4 Qb6 5. Nb3 Nf6 6. Nc3 e6 7. Be3 Qc7 8.
Be2 a6 9. f4 d6 10. O-O b5 11. Bf3 Bb7 12. a3 Be7 13. Qd2 O-O 14. Rad1 Rfd8 15.
Qf2 Nd7 16. Kh1 Re8 17. g4 Rab8 18. g5 Ba8 19. h4 Nb6 20. h5 Nc4 21. Bc1 Qb6
22. Qg3 b4 23. Ne2 bxa3 24. bxa3 Ne3 25. Bxe3 Qxe3 26. Rd3 Qa7 27. g6 Bf8 28.
Rg1 Rbd8 29. Ned4 Nxd4 30. Rxd4 d5 31. e5 Bc5 32. gxh7+ 1-0

[Event "XII C.to Europeo Seniores"]
[Site "Kaunas LTU"]
[Date "2012.08.26"]
[Round "9"]
[White "Hohler, Peter"]
[Black "Guaglianone, Mario"]
[WhiteElo "2201"]
[BlackElo "2027"]
[Result "1-0"]
[PlyCount "117"]
[EventDate "2012.08.18"]

1. d4 Nf6 2. c4 g6 3. Nc3 Bg7 4. e4 d6 5. f3 O-O 6. Be3 Nc6 7. Nge2 a6 8. Qd2
Rb8 9. Rc1 Bd7 10. d5 Ne5 11. Nd4 c5 12. dxc6 Nxc6 13. Be2 b6 14. O-O Rc8 15.
Rfd1 Re8 16. Nc2 Ne5 17. Na3 Qc7 18. Bd4 Rb8 19. Nd5 Nxd5 20. cxd5 Qb7 21. Nc2
b5 22. b3 Rec8 23. f4 Ng4 24. Bxg7 Kxg7 25. Nd4 Nf6 26. Bf3 Rxc1 27. Rxc1 Rc8
28. Rxc8 Qxc8 29. Qc2 Qxc2 30. Nxc2 Ne8 31. Kf2 Kf8 32. Ke3 Nc7 33. Kd4 Ke8 34.
Kc3 Kd8 35. a3 Kc8 36. Nd4 Kb7 37. h3 Kb6 38. g4 h6 39. Bg2 f6 40. Bf3 g5 41.
Ne2 Na8 42. Kd4 Kc7 43. e5 Be8 44. e6 Nb6 45. Ng3 Bg6 46. Be4 gxf4 47. Ne2 Be8
48. Nxf4 a5 49. Bg6 Kd8 50. Bxe8 Kxe8 51. Ne2 Kd8 52. Ng3 Ke8 53. Nf5 a4 54.
bxa4 Nxa4 55. Nxh6 Nb2 56. Nf5 Nd1 57. h4 Nf2 58. Ne3 Nh3 59. Kc3 1-0